000 00295nam a22001217a 4500
008 180126b xxu||||| |||| 00| 0 eng d
041 _aeng
080 _a34
100 _a15
101 _aJUR
245 _aCRIMINAL PROCEDURES REGULATION POLICE INVESTIGATION
_cSLOBOGIN.CH
942 _2udc
_cBK
999 _c41040
_d41040